Assessment of soil fertility in Southern rubber growing region of Kerala (Record no. 54550)

MARC details
000 -LEADER
fixed length control field 00656nam a2200181Ia 4500
100 ## - MAIN ENTRY--AUTHOR NAME
Personal name Rekha V.R.N
245 #0 - TITLE STATEMENT
Title Assessment of soil fertility in Southern rubber growing region of Kerala
260 ## - PUBLICATION, DISTRIBUTION, ETC. (IMPRINT)
Name of publisher PLACROSYM XXIII. Climate Resilient Technologies for Sustainability of Plantation Crops, 6-8 March 2019, Central Coffee Research Institute, Chikkamangaluru, Karnataka, India, Abstracts, p. 86.
650 ## - SUBJECT ADDED ENTRY--TOPICAL TERM
Topical Term Agro ecological units
650 ## - SUBJECT ADDED ENTRY--TOPICAL TERM
Topical Term Natural rubber
650 ## - SUBJECT ADDED ENTRY--TOPICAL TERM
Topical Term Nutrients
650 ## - SUBJECT ADDED ENTRY--TOPICAL TERM
Topical Term Soil fertility
650 ## - SUBJECT ADDED ENTRY--TOPICAL TERM
Topical Term Soil samples
700 ## - ADDED ENTRY--PERSONAL NAME
Personal name Usha Mathew
856 ## - ELECTRONIC LOCATION AND ACCESS
Uniform Resource Identifier Abst
942 ## - ADDED ENTRY ELEMENTS (KOHA)
Koha item type Journals
Holdings
Withdrawn status Lost status Damaged status Not for loan Home library Current library Shelving location Date acquired Koha item type
      Journals RRII Library RRII Library Agronomy 01/01/2021 Journals